00326nam a2200133Ia 4500003000400000005001700004008004000021040000700061041000800068082001200076100001700088245004400105260004300149OSt20240201120134.0210210b1948 xxu||||| |||| 00| 0 eng d cAL aeng a825/844 aTHOMPSON (E) aRabindranath Tagore: poet and dramatist aLondonbOxford University Pressc1948